000 00478ntaaa2200193 4500
003 01
005 20251027202636.0
008 0714s1973 ag 01
040 _aAR-BaBN
_bspa
_cAR-BaBN
_eaacr
_dRIC
082 _a372.2100 W83j
100 _aWolffheim, Nelly
245 _aEl jardín de infantes
250 _a2 ed.
260 _aBuenos Aires :
_bEditorial Nova,
_c1960
300 _a131 p
650 _apedagogía
_91020
650 _apsicologia infantil
_91895
942 _cBK
999 _c21580
_d21580